LIBRARY & INFORMATION CENTRE, KCAET, TAVANUR

ONLINE PUBLIC ACCESS CATALOGUE (OPAC)

Medicinal and aromatic plants in asia (Record no. 17554)

MARC details
000 -LEADER
fixed length control field 00381nam a22001457a 4500
003 - CONTROL NUMBER IDENTIFIER
control field OSt
008 - FIXED-LENGTH DATA ELEMENTS--GENERAL INFORMATION
fixed length control field 220829b |||||||| |||| 00| 0 eng d
020 ## - INTERNATIONAL STANDARD BOOK NUMBER
ISBN 812041005X
082 ## - DEWEY DECIMAL CLASSIFICATION NUMBER
Classification number 633.88
Item number NAR/ME
100 ## - MAIN ENTRY--AUTHOR NAME
Personal name Narong chomchalow
245 ## - TITLE STATEMENT
Title Medicinal and aromatic plants in asia
260 ## - PUBLICATION, DISTRIBUTION, ETC. (IMPRINT)
Place of publication New delhi
Name of publisher oxford & ibh publication co.pvt
Year of publication 1995
300 ## - PHYSICAL DESCRIPTION
Number of Pages 196
942 ## - ADDED ENTRY ELEMENTS (KOHA)
Koha item type Books
Holdings
Withdrawn status Lost status Damaged status Collection code Home library Current library Shelving location Date acquired Full call number Accession Number Koha item type
      General Books KAUAET KAUAET General Stacks 29/08/2022 633.88 NAR/ME 20031 Books
free website counter